[Event "Stay Safe Play From Home 383"]
[Site "Emanuel Lasker Arena"]
[Date "2020.08.14"]
[Round "6"]
[White "Hickey"]
[Black "Käptn"]
[Result "1-0"]
[WhiteElo "2119"]
[BlackElo "1980"]
[PlyCount "111"]
[EventDate "2020.08.14"]
[EventType "swiss (blitz)"]
[BlackTeam "SC Diogenes"]

{- Laqua, Christian (2108)} 1. Nf3 {[%emt 0:00:02]} d6 {[%emt 0:00:02]} 2. g3 {[%emt 0:00:00]} e5 {[%emt 0:00:01]} 3. Bg2 {[%emt 0:00:00]} f5 {[%emt 0:00:00]} 4. O-O {[%emt 0:00:01]} Nf6 {[%emt 0:00:00]} 5. d3 {[%emt 0:00:01]} Be7 {[%emt 0:00:00]} 6. e4 {[%emt 0:00:01]} O-O {[%emt 0:00:01]} 7. Nc3 {[%emt 0:00:01]} c6 {[%emt 0:00:02]} 8. Re1 {[%emt 0:00:02]} Na6 {[%emt 0:00:01]} 9. d4 {[%emt 0:00:01]} Nxe4 {[%emt 0:00:08]} 10. Nxe4 {[%emt 0:00:01]} fxe4 {[%emt 0:00:00]} 11. Rxe4 {[%emt 0:00:01]} Bf5 {[%emt 0:00:00]} 12. Re1 {[%emt 0:00:01]} e4 {[%emt 0:00:00]} 13. Nd2 {[%emt 0:00:02]} d5 {[%emt 0:00:00]} 14. Nf1 {[%emt 0:00:02]} Bf6 {[%emt 0:00:02]} 15. Bf4 {[%emt 0:00:01]} Qb6 {[%emt 0:00:02]} 16. Ne3 {[%emt 0:00:05]} Qxd4 {[%emt 0:00:01]} 17. Nxf5 {[%emt 0:00:02]} Qxd1 {[%emt 0:00:01]} 18. Raxd1 {[%emt 0:00:00]} Bxb2 {[%emt 0:00:01]} 19. Ne7+ {[%emt 0:00:02]} Kf7 {[%emt 0:00:01]} 20. Nf5 {[%emt 0:00:02]} Kg8 {[%emt 0:00:01]} 21. Nd6 {[%emt 0:00:01]} Nb4 {[%emt 0:00:04]} 22. Nxb7 {[%emt 0:00:03]} Nxa2 {[%emt 0:00:01]} 23. Na5 {[%emt 0:00:02]} Bc3 {[%emt 0:00:01]} 24. Nxc6 {[%emt 0:00:03]} Bxe1 {[%emt 0:00:01]} 25. Rxe1 {[%emt 0:00:01]} Rac8 {[%emt 0:00:01]} 26. Ne7+ {[%emt 0:00:02]} Kf7 {[%emt 0:00:00]} 27. Nxc8 {[%emt 0:00:00]} Rxc8 {[%emt 0:00:00]} 28. Ra1 {[%emt 0:00:01]} Nc3 {[%emt 0:00:01]} 29. Rxa7+ {[%emt 0:00:00]} Kf6 {[%emt 0:00:01]} 30. Be3 {[%emt 0:00:01]} Ne2+ {[%emt 0:00:02]} 31. Kf1 {[%emt 0:00:00]} d4 {[%emt 0:00:00]} 32. Kxe2 {[%emt 0:00:02]} dxe3 {[%emt 0:00:01]} 33. Kxe3 {[%emt 0:00:00]} Rxc2 {[%emt 0:00:01]} 34. Bxe4 {[%emt 0:00:00]} Rc3+ {[%emt 0:00:01]} 35. Ke2 {[%emt 0:00:03]} Rb3 {[%emt 0:00:01]} 36. Bd3 {[%emt 0:00:01]} Ke5 {[%emt 0:00:01]} 37. Ra6 {[%emt 0:00:00]} Rb2+ {[%emt 0:00:01]} 38. Ke3 {[%emt 0:00:00]} Rb3 {[%emt 0:00:01]} 39. Ra5+ {[%emt 0:00:00]} Ke6 {[%emt 0:00:00]} 40. Rb5 {[%emt 0:00:00]} Kd6 {[%emt 0:00:01]} 41. Rxb3 {[%emt 0:00:01]} Kc5 {[%emt 0:00:00]} 42. Rc3+ {[%emt 0:00:00]} Kb4 {[%emt 0:00:01]} 43. Rc4+ {[%emt 0:00:00]} Kb3 {[%emt 0:00:01]} 44. Re4 {[%emt 0:00:00]} g5 {[%emt 0:00:00]} 45. Re7 {[%emt 0:00:00]} Kc3 {[%emt 0:00:00]} 46. Rg7 {[%emt 0:00:00]} g4 {[%emt 0:00:00]} 47. Rxg4 {[%emt 0:00:01]} h5 {[%emt 0:00:01]} 48. Rh4 {[%emt 0:00:00]} Kb2 {[%emt 0:00:01]} 49. Rxh5 {[%emt 0:00:00]} Kc1 {[%emt 0:00:00]} 50. Rd5 {[%emt 0:00:00]} Kb2 {[%emt 0:00:01]} 51. Kd4 {[%emt 0:00:00]} Kc1 {[%emt 0:00:01]} 52. Kc4 {[%emt 0:00:00]} Kd2 {[%emt 0:00:00]} 53. Re5 {[%emt 0:00:01]} Kc1 {[%emt 0:00:01]} 54. Kc3 {[%emt 0:00:01]} Kd1 {[%emt 0:00:01]} 55. Re4 {[%emt 0:00:00]} Kc1 {[%emt 0:00:01]} 56. Re1# {[%emt 0:00:00] (Lag: Av=0.55s, max=1.0s) (Lag: Av=0.55s, max=1.0s) (Lag: Av=0.55s, max=1.0s)} 1-0

[Event "Stay Safe Play From Home 383"]
[Site "Emanuel Lasker Arena"]
[Date "2020.08.14"]
[Round "6"]
[White "Lazieri3"]
[Black "NTBT_DHS"]
[Result "0-1"]
[WhiteElo "2113"]
[BlackElo "2558"]
[PlyCount "68"]
[EventDate "2020.08.14"]
[EventType "swiss (blitz)"]

1. e4 {[%emt 0:00:01]} g6 {[%emt 0:00:00]} 2. Nc3 {[%emt 0:00:01]} Bg7 {[%emt 0:00:00]} 3. d3 {[%emt 0:00:00]} d6 {[%emt 0:00:00]} 4. Be3 {[%emt 0:00:01]} Nf6 {[%emt 0:00:00]} 5. Qd2 {[%emt 0:00:01]} O-O {[%emt 0:00:00]} 6. Bh6 {[%emt 0:00:02]} c5 {[%emt 0:00:00]} 7. h4 {[%emt 0:00:01]} Nc6 {[%emt 0:00:01]} 8. h5 {[%emt 0:00:01]} Nd4 {[%emt 0:00:01]} 9. hxg6 {[%emt 0:00:02]} fxg6 {[%emt 0:00:00]} 10. Bxg7 {[%emt 0:00:00]} Kxg7 {[%emt 0:00:00]} 11. Qh6+ {[%emt 0:00:01]} Kg8 {[%emt 0:00:00]} 12. O-O-O {[%emt 0:00:02]} Qa5 {[%emt 0:00:01]} 13. Be2 {[%emt 0:00:03]} Be6 {[%emt 0:00:01]} 14. Nf3 {[%emt 0:00:01]} Nxe2+ {[%emt 0:00:04]} 15. Nxe2 {[%emt 0:00:01]} Rf7 {[%emt 0:00:07]} 16. Ng5 {[%emt 0:00:02]} Bxa2 {[%emt 0:00:00]} 17. Nxf7 {[%emt 0:00:03]} Bxf7 {[%emt 0:00:00]} 18. Nf4 {[%emt 0:00:03]} c4 {[%emt 0:00:01]} 19. d4 {[%emt 0:00:07]} c3 {[%emt 0:00:06]} 20. bxc3 {[%emt 0:00:04]} Qxc3 {[%emt 0:00:01]} 21. Rd3 {[%emt 0:00:08]} Qa1+ {[%emt 0:00:08]} 22. Kd2 {[%emt 0:00:01]} Qa5+ {[%emt 0:00:00]} 23. Ke2 {[%emt 0:00:02]} Rc8 {[%emt 0:00:00]} 24. e5 {[%emt 0:00:01]} dxe5 {[%emt 0:00:01]} 25. dxe5 {[%emt 0:00:02]} Qxe5+ {[%emt 0:00:00]} 26. Kd1 {[%emt 0:00:04]} Qa1+ {[%emt 0:00:03]} 27. Kd2 {[%emt 0:00:00]} Qa5+ {[%emt 0:00:01]} 28. Kd1 {[%emt 0:00:01]} Qc5 {[%emt 0:00:02]} 29. c3 {[%emt 0:00:04]} Qxf2 {[%emt 0:00:02]} 30. Ne2 {[%emt 0:00:01]} Qxg2 {[%emt 0:00:02]} 31. Qh3 {[%emt 0:00:00]} Qxh3 {[%emt 0:00:01]} 32. Rdxh3 {[%emt 0:00:00]} Ne4 {[%emt 0:00:00]} 33. Rxh7 {[%emt 0:00:01]} Nf2+ {[%emt 0:00:00]} 34. Kd2 {[%emt 0:00:01]} Nxh1 {[%emt 0:00:00]} 0-1

[Event "Stay Safe Play From Home 383"]
[Site "Emanuel Lasker Arena"]
[Date "2020.08.14"]
[Round "6"]
[White "TheCHESSHOUSE"]
[Black "Tavares"]
[Result "1-0"]
[WhiteElo "2023"]
[BlackElo "1706"]
[PlyCount "93"]
[EventDate "2020.08.14"]
[EventType "swiss (blitz)"]

1. d4 {[%emt 0:00:02]} Nf6 {[%emt 0:00:02]} 2. c4 {[%emt 0:00:00]} g6 {[%emt 0:00:00]} 3. Nc3 {[%emt 0:00:01]} Bg7 {[%emt 0:00:00]} 4. e4 {[%emt 0:00:01]} d6 {[%emt 0:00:01]} 5. Nf3 {[%emt 0:00:01]} O-O {[%emt 0:00:00]} 6. Be2 {[%emt 0:00:03]} c5 {[%emt 0:00:01]} 7. O-O {[%emt 0:00:00]} Nc6 {[%emt 0:00:01]} 8. d5 {[%emt 0:00:01]} Na5 {[%emt 0:00:01]} 9. b3 {[%emt 0:00:01]} Nxe4 {[%emt 0:00:03]} 10. Nxe4 {[%emt 0:00:01]} Bxa1 {[%emt 0:00:01]} 11. Bg5 {[%emt 0:00:01]} Bf6 {[%emt 0:00:02]} 12. Nxf6+ {[%emt 0:00:04]} exf6 {[%emt 0:00:00]} 13. Bh6 {[%emt 0:00:00]} Re8 {[%emt 0:00:01]} 14. Bd3 {[%emt 0:00:01]} f5 {[%emt 0:00:02]} 15. Ng5 {[%emt 0:00:02]} Qf6 {[%emt 0:00:02]} 16. h4 {[%emt 0:00:01]} Bd7 {[%emt 0:00:01]} 17. h5 {[%emt 0:00:01]} a6 {[%emt 0:00:04]} 18. Qf3 {[%emt 0:00:05]} b5 {[%emt 0:00:02]} 19. Nh3 {[%emt 0:00:01]} bxc4 {[%emt 0:00:03]} 20. bxc4 {[%emt 0:00:01]} Nxc4 {[%emt 0:00:02]} 21. Bxc4 {[%emt 0:00:01]} Bb5 {[%emt 0:00:00]} 22. Bg5 {[%emt 0:00:05]} Qe5 {[%emt 0:00:02]} 23. Bxb5 {[%emt 0:00:01]} axb5 {[%emt 0:00:02]} 24. hxg6 {[%emt 0:00:02]} hxg6 {[%emt 0:00:02]} 25. Nf4 {[%emt 0:00:01]} Qe4 {[%emt 0:00:01]} 26. Qh3 {[%emt 0:00:01]} f6 {[%emt 0:00:07]} 27. Qh6 {[%emt 0:00:07]} fxg5 {[%emt 0:00:02]} 28. Qxg6+ {[%emt 0:00:03]} Kh8 {[%emt 0:00:01]} 29. Qf6+ {[%emt 0:00:02]} Kg8 {[%emt 0:00:01]} 30. Qxg5+ {[%emt 0:00:01]} Kf8 {[%emt 0:00:02]} 31. Qf6+ {[%emt 0:00:01]} Kg8 {[%emt 0:00:01]} 32. Qg6+ {[%emt 0:00:01]} Kh8 {[%emt 0:00:01]} 33. Qh6+ {[%emt 0:00:01]} Kg8 {[%emt 0:00:01]} 34. Ng6 {[%emt 0:00:00]} Qe5 {[%emt 0:00:04]} 35. Nxe5 {[%emt 0:00:01]} Rxe5 {[%emt 0:00:00]} 36. Qg5+ {[%emt 0:00:01]} Kf7 {[%emt 0:00:01]} 37. Qh5+ {[%emt 0:00:01]} Ke7 {[%emt 0:00:00]} 38. Qh7+ {[%emt 0:00:00]} Kd8 {[%emt 0:00:01]} 39. Qg6 {[%emt 0:00:00]} Kc7 {[%emt 0:00:00]} 40. Qg7+ {[%emt 0:00:01]} Kb8 {[%emt 0:00:00]} 41. Qg6 {[%emt 0:00:00]} Ka7 {[%emt 0:00:00]} 42. Qf7+ {[%emt 0:00:00]} Ka6 {[%emt 0:00:01]} 43. Qf6 {[%emt 0:00:00]} Rb8 {[%emt 0:00:00]} 44. Qxd6+ {[%emt 0:00:00]} Rb6 {[%emt 0:00:01]} 45. Qxe5 {[%emt 0:00:00]} b4 {[%emt 0:00:00]} 46. Qxf5 {[%emt 0:00:00]} Kb5 {[%emt 0:00:00]} 47. d6 {[%emt 0:00:00] Time Time Time (Lag: Av=0.65s, max=1.0s) (Lag: Av=0.65s, max=1.0s) (Lag: Av=0.65s, max=1.0s)} 1-0

[Event "Stay Safe Play From Home 383"]
[Site "Emanuel Lasker Arena"]
[Date "2020.08.14"]
[Round "6"]
[White "Justwatch"]
[Black "IceQueen"]
[Result "0-1"]
[WhiteElo "1611"]
[BlackElo "2256"]
[PlyCount "30"]
[EventDate "2020.08.14"]
[EventType "swiss (blitz)"]

1. e4 {[%emt 0:00:00]} d6 {[%emt 0:00:00]} 2. Nf3 {[%emt 0:00:00]} Nf6 {[%emt 0:00:00]} 3. Nc3 {[%emt 0:00:00]} g6 {[%emt 0:00:00]} 4. d3 {[%emt 0:00:00]} Bg7 {[%emt 0:00:00]} 5. h3 {[%emt 0:00:01]} c5 {[%emt 0:00:00]} 6. Be2 {[%emt 0:00:00]} Nc6 {[%emt 0:00:00]} 7. Bg5 {[%emt 0:00:01]} Rb8 {[%emt 0:00:00]} 8. Qd2 {[%emt 0:00:00]} h6 {[%emt 0:00:00]} 9. Bf4 {[%emt 0:00:01]} b5 {[%emt 0:00:00]} 10. Nd5 {[%emt 0:00:03]} e6 {[%emt 0:00:02]} 11. Nxf6+ {[%emt 0:00:01]} Bxf6 {[%emt 0:00:01]} 12. Bxh6 {[%emt 0:00:01]} Bxb2 {[%emt 0:00:01]} 13. O-O {[%emt 0:00:02]} Bxa1 {[%emt 0:00:03]} 14. Rxa1 {[%emt 0:00:00]} Qf6 {[%emt 0:00:01]} 15. Bg5 {[%emt 0:00:01]} Qxa1+ {[%emt 0:00:01] Justwatch terk eder Justwatch terk eder Justwatch terk eder (Lag: Av=0.43s, max=0.5s) (Lag: Av=0.43s, max=0.5s) (Lag: Av=0.43s, max=0.5s)} 0-1

[Event "Stay Safe Play From Home 383"]
[Site "Emanuel Lasker Arena"]
[Date "2020.08.14"]
[Round "6"]
[White "Klasman"]
[Black "Trotsky"]
[Result "0-1"]
[WhiteElo "1334"]
[BlackElo "1569"]
[Annotator "NA"]
[PlyCount "54"]
[EventDate "2020.08.14"]
[EventType "swiss (blitz)"]

1. f4 {[%emt 0:00:02]} d5 {[%emt 0:00:01]} 2. e3 {[%emt 0:00:01]} e6 {[%emt 0:00:00]} 3. Nf3 {[%emt 0:00:01]} c5 {[%emt 0:00:01]} 4. d4 {[%emt 0:00:01]} Nc6 {[%emt 0:00:01]} 5. Bb5 {[%emt 0:00:02]} Nf6 {[%emt 0:00:01]} 6. Ne5 {[%emt 0:00:01]} Qc7 {[%emt 0:00:01]} 7. c4 {[%emt 0:00:02]} Bd6 {[%emt 0:00:01]} 8. Bxc6+ {[%emt 0:00:04]} bxc6 {[%emt 0:00:01]} 9. Nc3 {[%emt 0:00:03]} Bd7 {[%emt 0:00:03]} 10. Nxd7 {[%emt 0:00:02]} Kxd7 {[%emt 0:00:01]} 11. O-O {[%emt 0:00:01]} Raf8 {[%emt 0:00:02]} 12. Qa4 {[%emt 0:00:02]} Kc8 {[%emt 0:00:02]} 13. b4 {[%emt 0:00:05]} h5 {[%emt 0:00:01]} 14. bxc5 {[%emt 0:00:02]} g5 {[%emt 0:00:04]} 15. cxd6 {[%emt 0:00:02]} Qxd6 {[%emt 0:00:01]} 16. c5 {[%emt 0:00:01]} Qc7 {[%emt 0:00:01]} 17. fxg5 {[%emt 0:00:01]} Ng4 {[%emt 0:00:01]} 18. g3 {[%emt 0:00:03]} h4 {[%emt 0:00:01]} 19. Rf4 {[%emt 0:00:03]} hxg3 {[%emt 0:00:01]} 20. Rxg4 {[%emt 0:00:01]} Rxh2 {[%emt 0:00:02]} 21. Ba3 {[%emt 0:00:06]} Rfh8 {[%emt 0:00:01]} 22. Rb1 {[%emt 0:00:04]} Rh1+ {[%emt 0:00:01]} 23. Kg2 {[%emt 0:00:01]} R8h2+ {[%emt 0:00:02]} 24. Kf3 {[%emt 0:00:01]} Rxb1 {[%emt 0:00:01]} 25. Nxb1 {[%emt 0:00:01]} g2 {[%emt 0:00:01]} 26. Rxg2 {[%emt 0:00:02]} Rh1 {[%emt 0:00:04]} 27. Rb2 {[%emt 0:00:03]} Rh3+ {[%emt 0:00:04] Time Time Time (Lag: Av=0.31s, max=0.4s) (Lag: Av=0.31s, max=0.4s) (Lag: Av=0.31s, max=0.4s) . . .} 0-1

[Event "Stay Safe Play From Home 383"]
[Site "Emanuel Lasker Arena"]
[Date "2020.08.14"]
[Round "7"]
[White "NTBT_DHS"]
[Black "TheCHESSHOUSE"]
[Result "0-1"]
[WhiteElo "2560"]
[BlackElo "2027"]
[Annotator "TA"]
[PlyCount "44"]
[EventDate "2020.08.14"]
[EventType "swiss (blitz)"]

{[%evp 13,43,39,201,-20,-12,-127,-118,-110,-114,-104,-109,-108,-121,-114,-119,-141,-154,-145,300,-337,-321,-360,-264,-257,-212,-299,-262,-370,-235,-230,-197,-29999]} 1. d4 Nf6 2. Nc3 g6 3. Bg5 Bg7 4. e4 d6 5. e5 dxe5 6. dxe5 Qxd1+ 7. Rxd1 Ng4 $2 {[#]} (7... Nfd7 $14) 8. Bb5+ $146 {B07: Pirc Defence: Miscellaneous Systems.} (8. h3 $18) ({Predecessor:} 8. Nd5 Bxe5 9. Nf3 Bd6 10. Bxe7 Bxe7 11. Nxc7+ Kf8 12. Nxa8 Kg7 13. h3 Nf6 14. Nc7 Bd8 15. Nb5 Bf5 {½-½ (95) Quizon,D (2268)-Megaranto,S (2526) Ho Chi Minh City 2019}) 8... c6 $11 9. Be2 (9. Nd5 $1 $11 Na6 10. Bxa6 cxd5 11. Bb5+ Bd7 12. Bxd7+ (12. Rxd5 Nxe5 13. Bxd7+ Nxd7 $11) 12... Kxd7 13. Rxd5+ Kc6 14. Rd4 Nxe5 15. Ne2) 9... Nxe5 $17 10. Nf3 {Black is better.} Nxf3+ 11. Bxf3 Be6 12. O-O Nd7 13. Rfe1 h6 14. Bh4 g5 15. Bg3 {White wants to play Rxe6.} O-O $2 {[%mdl 8192] [#]} (15... O-O-O $17 {and life is bright.} 16. h3 Nc5) 16. Rxd7 $4 {[%mdl 8192]} (16. Rxe6 $1 $18 {[%mdl 512] was the only winning move.} fxe6 17. Rxd7 {[%mdl 64] Double Attack}) 16... Bxd7 $19 17. Rxe7 Be6 18. Rxb7 Rad8 19. Ne4 (19. h4 $142) 19... Bxa2 {...f5 is the strong threat.} 20. Nd6 (20. Bd6 $142 Rfe8 21. Be7) 20... Be6 21. Bxc6 a5 22. Ne8 $2 {[#]} (22. Ba4 $19) 22... Rd1# {Accuracy: White = 21%, Black = 57%.} 0-1

[Event "Stay Safe Play From Home 383"]
[Site "Emanuel Lasker Arena"]
[Date "2020.08.14"]
[Round "7"]
[White "MihailoVujic"]
[Black "Hickey"]
[Result "0-1"]
[WhiteElo "2290"]
[BlackElo "2130"]
[PlyCount "116"]
[EventDate "2020.08.14"]
[EventType "swiss (blitz)"]

1. e4 {[%emt 0:00:00]} c6 {[%emt 0:00:01]} 2. d4 {[%emt 0:00:01]} d5 {[%emt 0:00:00]} 3. f3 {[%emt 0:00:00]} dxe4 {[%emt 0:00:02]} 4. fxe4 {[%emt 0:00:00]} e5 {[%emt 0:00:01]} 5. Nf3 {[%emt 0:00:00]} Bg4 {[%emt 0:00:03]} 6. Bc4 {[%emt 0:00:00]} Bxf3 {[%emt 0:00:06]} 7. Qxf3 {[%emt 0:00:02]} Qf6 {[%emt 0:00:01]} 8. Qh3 {[%emt 0:00:01]} Nd7 {[%emt 0:00:02]} 9. Rf1 {[%emt 0:00:02]} Qd6 {[%emt 0:00:00]} 10. Bxf7+ {[%emt 0:00:02]} Kd8 {[%emt 0:00:00]} 11. Bg5+ {[%emt 0:00:02]} Ngf6 {[%emt 0:00:02]} 12. c3 {[%emt 0:00:01]} exd4 {[%emt 0:00:01]} 13. Nd2 {[%emt 0:00:02]} dxc3 {[%emt 0:00:01]} 14. Qxc3 {[%emt 0:00:01]} Qb4 {[%emt 0:00:03]} 15. Qxb4 {[%emt 0:00:02]} Bxb4 {[%emt 0:00:00]} 16. O-O-O {[%emt 0:00:01]} Kc7 {[%emt 0:00:01]} 17. Nc4 {[%emt 0:00:01]} Rhf8 {[%emt 0:00:01]} 18. Be6 {[%emt 0:00:02]} b5 {[%emt 0:00:02]} 19. Bf4+ {[%emt 0:00:02]} Kb7 {[%emt 0:00:02]} 20. Nd6+ {[%emt 0:00:00]} Bxd6 {[%emt 0:00:02]} 21. Bxd6 {[%emt 0:00:00]} Rfe8 {[%emt 0:00:03]} 22. Bxd7 {[%emt 0:00:01]} Nxd7 {[%emt 0:00:00]} 23. Rf7 {[%emt 0:00:01]} Rad8 {[%emt 0:00:03]} 24. e5 {[%emt 0:00:01]} Kc8 {[%emt 0:00:01]} 25. Be7 {[%emt 0:00:02]} Nxe5 {[%emt 0:00:02]} 26. Rxd8+ {[%emt 0:00:03]} Rxd8 {[%emt 0:00:00]} 27. Bxd8 {[%emt 0:00:01]} Nxf7 {[%emt 0:00:02]} 28. Bh4 {[%emt 0:00:00]} g6 {[%emt 0:00:00]} 29. Bf2 {[%emt 0:00:01]} Kd7 {[%emt 0:00:00]} 30. Kc2 {[%emt 0:00:00]} Kd6 {[%emt 0:00:00]} 31. Kd3 {[%emt 0:00:01]} c5 {[%emt 0:00:01]} 32. Ke4 {[%emt 0:00:01]} Ke6 {[%emt 0:00:01]} 33. Bg3 {[%emt 0:00:00]} Nd6+ {[%emt 0:00:00]} 34. Kf4 {[%emt 0:00:02]} Kd5 {[%emt 0:00:00]} 35. Kg5 {[%emt 0:00:01]} Ne4+ {[%emt 0:00:01]} 36. Kh6 {[%emt 0:00:02]} Nxg3 {[%emt 0:00:01]} 37. hxg3 {[%emt 0:00:01]} c4 {[%emt 0:00:00]} 38. Kxh7 {[%emt 0:00:01]} b4 {[%emt 0:00:00]} 39. Kxg6 {[%emt 0:00:01]} c3 {[%emt 0:00:00]} 40. bxc3 {[%emt 0:00:01]} bxc3 {[%emt 0:00:00]} 41. g4 {[%emt 0:00:01]} c2 {[%emt 0:00:00]} 42. g5 {[%emt 0:00:00]} c1=Q {[%emt 0:00:00]} 43. Kh6 {[%emt 0:00:00]} Qd2 {[%emt 0:00:00]} 44. g4 {[%emt 0:00:00]} Qxa2 {[%emt 0:00:00]} 45. g6 {[%emt 0:00:00]} Qg2 {[%emt 0:00:00]} 46. g7 {[%emt 0:00:00]} Qxg4 {[%emt 0:00:00]} 47. Kh7 {[%emt 0:00:00]} Qxg7+ {[%emt 0:00:00]} 48. Kxg7 {[%emt 0:00:00]} a5 {[%emt 0:00:00]} 49. Kf6 {[%emt 0:00:00]} a4 {[%emt 0:00:00]} 50. Kg5 {[%emt 0:00:00]} a3 {[%emt 0:00:00]} 51. Kg6 {[%emt 0:00:00]} a2 {[%emt 0:00:00]} 52. Kh6 {[%emt 0:00:00]} a1=Q {[%emt 0:00:00]} 53. Kh5 {[%emt 0:00:00]} Qd4 {[%emt 0:00:00]} 54. Kg5 {[%emt 0:00:01]} Ke5 {[%emt 0:00:00]} 55. Kg6 {[%emt 0:00:01]} Qe4+ {[%emt 0:00:00]} 56. Kh6 {[%emt 0:00:01]} Qg2 {[%emt 0:00:00]} 57. Kh7 {[%emt 0:00:00]} Kf6 {[%emt 0:00:00]} 58. Kh8 {[%emt 0:00:01]} Qg7# {[%emt 0:00:00] (Lag: Av=0.96s, max=1.5s) (Lag: Av=0.96s, max=1.5s) (Lag: Av=0.96s, max=1.5s)} 0-1

[Event "Stay Safe Play From Home 383"]
[Site "Emanuel Lasker Arena"]
[Date "2020.08.14"]
[Round "7"]
[White "IceQueen"]
[Black "Mepe_Nika"]
[Result "0-1"]
[WhiteElo "2257"]
[BlackElo "2290"]
[PlyCount "112"]
[EventDate "2020.08.14"]
[EventType "swiss (blitz)"]

1. d4 {[%emt 0:00:02]} d5 {[%emt 0:00:01]} 2. Nf3 {[%emt 0:00:00]} Nf6 {[%emt 0:00:01]} 3. g3 {[%emt 0:00:00]} Bf5 {[%emt 0:00:01]} 4. Bg2 {[%emt 0:00:01]} e6 {[%emt 0:00:00]} 5. O-O {[%emt 0:00:01]} Be7 {[%emt 0:00:00]} 6. c4 {[%emt 0:00:01]} c6 {[%emt 0:00:01]} 7. Qb3 {[%emt 0:00:01]} Qb6 {[%emt 0:00:01]} 8. Nc3 {[%emt 0:00:00]} h6 {[%emt 0:00:01]} 9. Bf4 {[%emt 0:00:01]} O-O {[%emt 0:00:01]} 10. h3 {[%emt 0:00:00]} g5 {[%emt 0:00:01]} 11. Be5 {[%emt 0:00:01]} Nbd7 {[%emt 0:00:01]} 12. g4 {[%emt 0:00:01]} Nxe5 {[%emt 0:00:02]} 13. Nxe5 {[%emt 0:00:00]} Qxb3 {[%emt 0:00:02]} 14. axb3 {[%emt 0:00:01]} Bc2 {[%emt 0:00:00]} 15. f4 {[%emt 0:00:07]} Bxb3 {[%emt 0:00:02]} 16. f5 {[%emt 0:00:01]} Bxc4 {[%emt 0:00:02]} 17. Nxc4 {[%emt 0:00:02]} dxc4 {[%emt 0:00:00]} 18. e4 {[%emt 0:00:01]} Rfd8 {[%emt 0:00:02]} 19. e5 {[%emt 0:00:02]} Nd5 {[%emt 0:00:01]} 20. Ne4 {[%emt 0:00:00]} Ne3 {[%emt 0:00:02]} 21. Rf3 {[%emt 0:00:03]} Nxg2 {[%emt 0:00:01]} 22. Kxg2 {[%emt 0:00:00]} Rxd4 {[%emt 0:00:01]} 23. Re1 {[%emt 0:00:02]} a5 {[%emt 0:00:02]} 24. fxe6 {[%emt 0:00:00]} fxe6 {[%emt 0:00:01]} 25. Nf6+ {[%emt 0:00:00]} Bxf6 {[%emt 0:00:04]} 26. Rxf6 {[%emt 0:00:00]} Rd2+ {[%emt 0:00:02]} 27. Kg3 {[%emt 0:00:02]} Rxb2 {[%emt 0:00:03]} 28. Rxe6 {[%emt 0:00:03]} Rd8 {[%emt 0:00:01]} 29. Kf3 {[%emt 0:00:05]} a4 {[%emt 0:00:02]} 30. Ra1 {[%emt 0:00:04]} Rb3+ {[%emt 0:00:02]} 31. Ke4 {[%emt 0:00:01]} a3 {[%emt 0:00:00]} 32. Kf5 {[%emt 0:00:01]} Kf7 {[%emt 0:00:05]} 33. Rf6+ {[%emt 0:00:01]} Ke7 {[%emt 0:00:00]} 34. Rxh6 {[%emt 0:00:01]} Rf8+ {[%emt 0:00:02]} 35. Kxg5 {[%emt 0:00:00]} c3 {[%emt 0:00:01]} 36. Rh7+ {[%emt 0:00:01]} Ke6 {[%emt 0:00:00]} 37. Re1 {[%emt 0:00:01]} a2 {[%emt 0:00:01]} 38. Rh6+ {[%emt 0:00:00]} Kd5 {[%emt 0:00:01]} 39. Rd6+ {[%emt 0:00:01]} Kc4 {[%emt 0:00:01]} 40. e6 {[%emt 0:00:00]} Rb1 {[%emt 0:00:01]} 41. Rdd1 {[%emt 0:00:01]} Rg8+ {[%emt 0:00:01]} 42. Kh4 {[%emt 0:00:02]} Rxd1 {[%emt 0:00:00]} 43. Rxd1 {[%emt 0:00:01]} c2 {[%emt 0:00:00]} 44. Rc1 {[%emt 0:00:01]} Kc3 {[%emt 0:00:00]} 45. e7 {[%emt 0:00:00]} Re8 {[%emt 0:00:00]} 46. Rf1 {[%emt 0:00:00]} Rxe7 {[%emt 0:00:00]} 47. Rf3+ {[%emt 0:00:00]} Kb2 {[%emt 0:00:00]} 48. g5 {[%emt 0:00:00]} a1=Q {[%emt 0:00:00]} 49. Kg3 {[%emt 0:00:00]} Qe1+ {[%emt 0:00:01]} 50. Kf4 {[%emt 0:00:00]} Re4+ {[%emt 0:00:01]} 51. Kf5 {[%emt 0:00:01]} Qe2 {[%emt 0:00:00]} 52. Kg6 {[%emt 0:00:00]} Re5 {[%emt 0:00:00]} 53. Rf4 {[%emt 0:00:01]} Qh5+ {[%emt 0:00:01]} 54. Kxh5 {[%emt 0:00:01]} Rxg5+ {[%emt 0:00:00]} 55. Kxg5 {[%emt 0:00:00]} c1=Q {[%emt 0:00:00]} 56. h4 {[%emt 0:00:01]} Qxf4+ {[%emt 0:00:00] Time Time Time (Lag: Av=0.44s, max=0.9s) (Lag: Av=0.44s, max=0.9s) (Lag: Av=0.44s, max=0.9s)} 0-1

[Event "Stay Safe Play From Home 383"]
[Site "Emanuel Lasker Arena"]
[Date "2020.08.14"]
[Round "7"]
[White "Tavares"]
[Black "Käptn"]
[Result "*"]
[WhiteElo "1701"]
[BlackElo "1970"]
[PlyCount "53"]
[EventDate "2020.08.14"]
[EventType "swiss (blitz)"]
[BlackTeam "SC Diogenes"]

{- Laqua, Christian (2108)} 1. d4 {[%emt 0:00:03]} Nf6 {[%emt 0:00:02]} 2. c4 {[%emt 0:00:00]} a6 {[%emt 0:00:01]} 3. Nf3 {[%emt 0:00:00]} c5 {[%emt 0:00:00]} 4. d5 {[%emt 0:00:01]} b5 {[%emt 0:00:01]} 5. cxb5 {[%emt 0:00:01]} axb5 {[%emt 0:00:00]} 6. Nc3 {[%emt 0:00:03]} b4 {[%emt 0:00:01]} 7. Nb1 {[%emt 0:00:01]} Ba6 {[%emt 0:00:01]} 8. Nbd2 {[%emt 0:00:00]} d6 {[%emt 0:00:02]} 9. e4 {[%emt 0:00:02]} Bxf1 {[%emt 0:00:02]} 10. Kxf1 {[%emt 0:00:00]} g6 {[%emt 0:00:01]} 11. g3 {[%emt 0:00:01]} Bg7 {[%emt 0:00:00]} 12. Kg2 {[%emt 0:00:00]} O-O {[%emt 0:00:01]} 13. Re1 {[%emt 0:00:00]} Nbd7 {[%emt 0:00:00]} 14. b3 {[%emt 0:00:01]} Ng4 {[%emt 0:00:01]} 15. Rb1 {[%emt 0:00:03]} Nge5 {[%emt 0:00:02]} 16. Bb2 {[%emt 0:00:04]} Rxa2 {[%emt 0:00:02]} 17. Bxe5 {[%emt 0:00:02]} Nxe5 {[%emt 0:00:00]} 18. Nxe5 {[%emt 0:00:03]} Bxe5 {[%emt 0:00:00]} 19. Nc4 {[%emt 0:00:00]} Bc3 {[%emt 0:00:02]} 20. Re2 {[%emt 0:00:01]} Qd7 {[%emt 0:00:01]} 21. Rxa2 {[%emt 0:00:02]} f5 {[%emt 0:00:02]} 22. exf5 {[%emt 0:00:02]} Qxf5 {[%emt 0:00:02]} 23. Qe2 {[%emt 0:00:01]} Qxb1 {[%emt 0:00:01]} 24. Qe6+ {[%emt 0:00:02]} Rf7 {[%emt 0:00:01]} 25. Ra8+ {[%emt 0:00:02]} Kg7 {[%emt 0:00:01]} 26. Re8 {[%emt 0:00:05]} Qc2 {[%emt 0:00:07]} 27. Kh3 {[%emt 0:00:04]} *